Score 0/15 Timer 04:00
0 Plays Today
Question Answer % Correct
What was the name of the collie who starred in an eponymous TV series from 1954-1974?Lassie
88.4%
What is the team name of both Yale University and University of Georgia?Bulldogs
85%
What breed are Cujo and Beethoven?St. Bernard
82%
A famous set of C.M. Coolidge paintings depicts dogs playing what card game?poker
81.1%
By area, what is the largest state of Mexico?Chihuahua
73.7%
Strong winds in 2013 nearly grounded a Snoopy balloon during what Macy's annual event?Thanksgiving Day Parade
73.6%
Which musical & comic strip orphan has a dog named Sandy?Annie
71.1%
Which physiologist studied classical conditioning with the help of salivating dogs?Ivan Pavlov
69.9%
Question Answer % Correct
'If you lie down with dogs, you get up with _____'fleas
68.7%
Monks of which religion bred and trained Lhasa Apsos as guard dogs in their monasteries?Buddhism
64.3%
Which musical group performs 'Dog Days Are Over'?Florence + the Machine
40.8%
What 7-letter 'M' word means a dog whose ancestry is of mixed or unknown breeds?mongrel
40.2%
What was the name of the first dog sent into orbit in 1957?Laika
26.2%
What cocktail consists of vodka and grapefruit juice?Greyhound
24.5%
Which 'The Tipping Point' author also wrote 'What the Dog Saw' ?Malcolm Gladwell
17.8%
Remove Ads.
Support Sporcle.
Get the best of Sporcle when you Go Orange. This ad-free experience offers more features, more stats, and more fun while also helping to support Sporcle. Thank you for becoming a member.

You're not logged in!

Compare scores with friends on all Sporcle quizzes.
OR
Log In

Show Comments

Extras

Top Quizzes Today


Score Distribution

Your Account Isn't Verified!

In order to create a playlist on Sporcle, you need to verify the email address you used during registration. Go to your Sporcle Settings to finish the process.

Report this User

Report this user for behavior that violates our Community Guidelines.

Details: